|
|
|
|
| LEADER |
01833nam a2200433 a 4500 |
| 001 |
000332456 |
| 003 |
CZ BrMZK |
| 005 |
20250610082233.0 |
| 007 |
ta |
| 008 |
980107s1998 xr f 001 0 cze d |
| 015 |
|
|
|a cnb000367703
|
| 020 |
|
|
|a 80-200-0659-1
|
| 035 |
|
|
|a (OCoLC)40092114
|
| 040 |
|
|
|a BOA001
|b cze
|
| 043 |
|
|
|a e------
|
| 072 |
|
7 |
|a 808
|x Literární styl. Literární činnost a technika. Efektivní využívání jazyka. Spisovatelská činnost
|2 Konspekt
|9 11
|
| 080 |
|
|
|a 808.5(091)
|2 MRF
|
| 080 |
|
|
|a 316.72/.75
|2 MRF
|
| 080 |
|
|
|a (4)
|2 MRF
|
| 080 |
|
|
|a (048.8)
|2 MRF
|
| 100 |
1 |
|
|a Kraus, Jiří,
|d 1935-2022
|7 jk01063067
|4 aut
|
| 245 |
1 |
0 |
|a Rétorika v evropské kultuře /
|c Jiří Kraus
|
| 250 |
|
|
|a Vyd. 2., (přeprac.)
|
| 260 |
|
|
|a Praha :
|b Academia,
|c 1998
|
| 300 |
|
|
|a 182 s. ;
|c 24 cm
|
| 504 |
|
|
|a Obsahuje bibliografii a rejstřík
|
| 546 |
|
|
|a Anglické resumé
|
| 650 |
0 |
7 |
|a dějiny rétoriky
|7 ph501067
|z Evropa
|2 czenas
|
| 650 |
0 |
7 |
|a kultura a společnost
|z Evropa
|7 ph122010
|2 czenas
|
| 655 |
|
7 |
|a studie
|7 fd133597
|2 czenas
|
| 710 |
2 |
|
|a Academia (nakladatelství)
|7 ko2002101950
|
| 710 |
2 |
|
|a Ústav pro jazyk český (Akademie věd ČR)
|7 kn20030004719
|
| 856 |
4 |
1 |
|u https://www.digitalniknihovna.cz/mzk/uuid/uuid:2fa6ac60-f0a1-11e3-a2c6-005056827e51
|y Digitalizovaný dokument
|x NDK
|
| 910 |
|
|
|a BOA001
|b PK-0130.369
|b 2-1047.434
|
| 990 |
|
|
|a BK
|
| 996 |
7 |
|
|b 2610074417
|c 2-1047.434
|l MZK
|r Sklad / do 1 hodiny
|n 80
|p p.v.
|w 000332456
|u 000020
|a 1
|e BOA001
|j MZK50
|s A
|
| 996 |
6 |
|
|b 2610704633
|c 2-1047.434
|l MZK
|r Sklad / do 1 hodiny
|n 0
|p kup
|w 000332456
|u 000030
|a 1
|e BOA001
|j MZK50
|s P
|
| 996 |
7 |
|
|b 2610704634
|c 2-1047.434
|l MZK
|r Sklad / do 1 hodiny
|n 0
|p kup
|w 000332456
|u 000040
|a 1
|e BOA001
|j MZK50
|s A
|
| 996 |
6 |
|
|b 3119013379
|c PK-0130.369
|l MZK
|r HSS 4p
|n 7
|p kup
|h 80 KRA
|w 000332456
|u 000010
|a 0
|e BOA001
|j MZK50
|s P
|